000 00361nam a22001697a 4500
003 UA-OsUOA
001 3624
007 ta
008 20050721b un ||||| |||| 00| 0 ukr d
100 _aMaimon
700 _aElaine P.
942 _cBK
040 _aUA-OsUOA
_cUA-OsUOA
_dUA-OsUOA
245 _aWriting in the Arts and Sciences.
955 _a2
650 7 _2UDC
999 _c289786
_d289786